Manažment platformy NGN na Báze platformy OSS

Salvato in:
Dettagli Bibliografici
Autore principale: Malý, Filip (Autore)
Altri autori: Leško, Matej (Relatore della tesi), Podhradský, Pavol, 1943- (Relatore della tesi)
Natura: Manoscritto Libro
Pubblicazione: Bratislava : STU v Bratislave FEI, 2008
Soggetti:
Tags: Aggiungi Tag
Nessun Tag, puoi essere il primo ad aggiungerne!!

MARC

LEADER 00000ntm a22000003a 4500
001 stu170687
005 20160719165101.4
008 080929s2008----------------------------d
040 |a STU  |b slo 
041 0
100 1 |a Malý, Filip  |4 aut 
245 1 |a Manažment platformy NGN na Báze platformy OSS 
260 |a Bratislava :  |b STU v Bratislave FEI,  |c 2008 
300 |a 81 s 
650 7 |a Telekomunikácie  |2 stusub 
650 7 |a platformy NGN LAB  |2 stusub 
700 1 |a Leško, Matej  |4 ths 
700 1 |a Podhradský, Pavol,  |d 1943-  |4 ths  |u E240  |U FEI Fakulta elektrotechniky a informatiky  |T FEI Katedra telekomunikácií  |X 2148  |U E240  |Y 72  |7 A000002148